Games for language learning / (Record no. 6292)

MARC details
000 -LEADER
fixed length control field 01255pam a2200241 a 4500
020 ## - INTERNATIONAL STANDARD BOOK NUMBER
ISBN 0521258618
020 ## - INTERNATIONAL STANDARD BOOK NUMBER
ISBN 052127737X
022 ## - INTERNATIONAL STANDARD SERIAL NUMBER
ISSN 9780521277372
050 00 - CALL NUMBER
Classification number PB35
Item number .W7
100 1# - AUTHOR
Personal name Wright, Andrew,(ed.)
245 10 - TITLE
Title Games for language learning /
Statement of responsibility, etc Andrew Wright, David Betteridge, and Michael Buckby.
250 ## - EDITION
Edition statement New ed.
260 ## - PUBLICATION INFORMATION
Place of publication Cambridge [Cambridgeshire] ;
-- New York :
Name of publisher Cambridge University Press,
Year of publication 1984
300 ## - DESCRIPTION
Number of Pages vii, 212 p. :
Other physical details ill. ;
Dimensions 24 cm.
440 #0 - SERIES
SERIES Cambridge handbooks for language teachers
500 ## - NOTES
General note Includes index.
505 ## - FORMATTED CONTENTS NOTE
Table of Content Acknowledgements; Preface; Introduction; 1. Language for the organisation of games; 2. Picture games; 3. Psychology games; 4. Magic tricks; 5. Caring and sharing games; 6. Card and board games; 7. Sound games; 8. Story games; 9. Word games; 10. True/false games; 11. Memory games; 12. Question and answer games; 13. Guessing and speculating games; 14. Miscellaneous games; Summary of the games (skills, level, time, etc.); Index to structures and types of communication; Alphabetical list of games.
650 #0 - SUBJECTS
Topical Term Languages, Modern
General subdivision Study and teaching.
650 #0 - SUBJECTS
Topical Term Educational games.
700 1# - OTHER AUTHORS
Personal name Betteridge, David(ed.)
700 1# - OTHER AUTHORS
Personal name Buckby, Michael(ed.)
942 ## - ADDED ENTRY ELEMENTS (KOHA)
Koha item type Books
Holdings
Withdrawn status Lost status Collection code Home library Current library Shelving location Date acquired Full call number Accession Number Koha item type
    Reference Methodist University Library Main Methodist University Library Main General Stacks 17/12/1999 PB35 .W7 17713 Books
Copyright © 2026  MUG Library